LEADER 01149nam a2200265 i 4500 001 991000945629707536 008 101115s2010 de b 001 0 ger 020 $a9783110224139 035 $ab13936116-39ule_inst 040 $aDip.to Filologia Class. e Scienze Filosofiche$bita 100 1 $aSkempis, Marios$0305275 245 10$a"Kleine Leute" und grosse Helden in Homers "Odyssee" und Kallimachos' "Hekale" /$cvon Marios Skempis 260 $aBerlin ;$aNew York :$bDe Gruyter,$cc2010 300 $aXI, 421 p. ;$c24 cm 490 1 $aBeiträge zur Altertumskunde ;$v274 502 $aTesi di dottorato: Universitā di Gottingen, 2008 504 $aBibliografia : p. 353-399. Indici 650 4$aPoesia epica greca 650 4$aMitologia greca 907 $a.b13936116$b02-04-14$c15-11-10 912 $a991000945629707536 945 $aLE007 880.1 Homerus SKE 01.501$g1$i2007000203637$lle007$nLE007 2010 Vox$op$pE102.76$q-$rl$s- $t0$u0$v0$w0$x0$y.i15196859$z15-11-10 996 $a"Kleine Leute" und grosse Helden in Homers "Odyssee" und Kallimachos' "Hekale"$9250042 997 $aUNISALENTO 998 $ale007$b15-11-10$cm$da $e-$fger$gde $h0$i0 LEADER 01212nam0 22003373i 450 001 SBL0559322 005 20231121125827.0 020 $aIT$b758995 100 $a20181205d1975 ||||0itac50 ba 101 | $aita 102 $ait 181 1$6z01$ai $bxxxe 182 1$6z01$an 200 1 $aMax Weber$fNicola M. De Feo 210 $aFirenze$cLa nuova Italia$d1975 215 $a167 p.$d20 cm 225 | $aStrumenti$v33 410 0$1001CFI0065015$12001 $aStrumenti$v33 606 $aWeber, Max$2FIR$3RMLC001942$9I 676 $a301$9SOCIOLOGIA E ANTROPOLOGIA$v21 700 1$aDe Feo$b, Nicola Massimo$3IEIV041208$4070$0159660 790 1$aDe Feo$b, Nicola M.$3SBNV028680$zDe Feo, Nicola Massimo 801 3$aIT$bIT-01$c20181205 850 $aIT-RM0418 $aIT-FR0017 899 $aBIBLIOTECA ACCADEMIA NAZ. DEI LINCEI E CORSINIANA$bRM0418 899 $aBiblioteca umanistica Giorgio Aprea$bFR0017 $eN 912 $aSBL0559322 950 0$aBiblioteca umanistica Giorgio Aprea$d 52MAG 1/2271$e 52FSS0000022045 VMB RS $fA $h20181205$i20181205 977 $a 10$a 52 996 $aMax Weber$9717526 997 $aUNICAS